| 000 | 00770nam a2200241 a 4500 | ||
|---|---|---|---|
| 001 | 000023278 | ||
| 005 | 20251210105142.0 | ||
| 008 | 101201s1987 sp r 000 0 spa d | ||
| 020 | _a8420622230 | ||
| 040 |
_aDO-SdBNP _bspa _cBNPHU |
||
| 082 |
_a121 _bM915r, 1987 |
||
| 100 | 1 |
_aMosterín, Jesús, _927851 |
|
| 245 | 1 | 0 |
_aRacionalidad y acción humana / _cJesús Mosterín. |
| 250 | _a2a ed. com. y corr. en Alianza Universidad | ||
| 260 |
_aMadrid : _bAlianza, _c1987. |
||
| 300 |
_a218 p. ; _c20 cm. |
||
| 490 | 1 |
_aAlianza universidad _v223 |
|
| 504 | _aIncluye referencias bibliográficas y notas al pie de las páginas. | ||
| 650 | 4 |
_aTeoría del conocimiento _913 |
|
| 650 | 0 |
_aVerdad _947929 |
|
| 830 | 0 |
_aAlianza universidad ; _v223 _932127 |
|
| 049 | _aBNGR | ||
| 999 |
_c22775 _d22775 |
||